000 00846nam a2200217 a 4500
001 59628
003 BD-RjUL
005 20211209080743.0
008 161226s1972 bg ||||| |||| 00| 0 ben d
035 _a(BD-RjUL)59752
040 _aBD-RjUL
_bben
_cBD-RjUL
041 _aben
082 _223
_a297.63
_bHAS 1972
100 _aহক, তমিজুল
_9177427
245 1 0 _aসেনা নায়ক মহানবী (সঃ) :
_bযুদ্ধ ও শান্তি /
_cতমিজুল হক
260 _aঢাকা :
_bশৈয়দ ফারুক আজম,
_c১৯৭২ [১৩৮৯]
300 _a১৫৮ পৃ. ;
_c২১ সেমি.
600 _aমুহম্মদ, হযরত (সাঃ)
_d৫৭০-৬৩২
_9177441
600 _aMuhammad, Hazarat (SM)
_d570-632
_9170465
942 _2ddc
_cBK
999 _c59628
_d59628